000 00630nam a2200145Ia 4500
008 260210s9999 xx 000 0 und d
024 _a18B-079-SE, 18B-082-SE, 18B-092-SE, 18B-111-SE & 18B-020-SE
100 _aHafiz Muhammad Ahmed, Bilal Siddiqui, Eshwar Lal, Mubashra Tabassum & Aresh Bint e Najmi
110 _aSir Abdul Hafiz Adam
245 0 _aCo-reference resolution in Urdu Language
260 _aKarachi:
_bUITU,
_c2019
600 _aSoftware engineering
650 _aBachelor of Engineering (BE)
856 _uhttps://drive.google.com/file/d/1aowxdXRFvEBSKjx1wFJjFb-spyNVnBLE/view?usp=sharing
_yClick here for PDF
999 _c33481
_d33481